Statistics for Members of Evelrglow

Click here to take the quiz!

General Stats

  • This quiz has been taken 12 times
  • The average score is 6 of 6

Answer Stats

Answer% Correct
aisha
100%
onda
100%
E:U
90%
mia
90%
yiren
90%
sihyeon
80%

Score Distribution

Percentile by Number Answered

Percent of People with Each Score

Your Score History

You have not taken this quiz